<?xml version="1.0" encoding="UTF-8"?><OAI-PMH xmlns="http://www.openarchives.org/OAI/2.0/" xmlns:xsi="http://www.w3.org/2001/XMLSchema-instance"     xsi:schemaLocation="http://www.openarchives.org/OAI/2.0/ http://www.openarchives.org/OAI/2.0/OAI-PMH.xsd"><responseDate>2026-05-16T20:28:46Z</responseDate><request verb="GetRecord" identifier="oai:regmurcia.com:fintegr.648" metadataPrefix="marc21">http://oai.regmurcia.com/oai2/oai2.php</request><GetRecord><record><header><identifier>oai:regmurcia.com:fintegr.648</identifier><datestamp>2026-05-16</datestamp><setSpec>documentos</setSpec></header><metadata><record  xmlns="http://www.loc.gov/MARC21/slim" xmlns:xsi="http://www.w3.org/2001/XMLSchema-instance" xsi:schemaLocation="http://www.loc.gov/MARC21/slim http://www.loc.gov/standards/marcxml/schema/MARC21slim.xsd" type="Bibliographic"><leader>00000nam a2200000   4500</leader><controlfield tag="001" >005075094</controlfield><controlfield tag="003" >648</controlfield><controlfield tag="004" >A00000000</controlfield><datafield tag="245" ind1=" " ind2=" "><subfield code="a">Testimonio sobre el pago del pedido y moneda y moneda forera ordenado por Alfonso Sánchez de Alcaraz en nombre de Enrique IV.</subfield></datafield><datafield tag="300" ind1=" " ind2=" "><subfield code="c">304 x 217 mm.</subfield></datafield><datafield tag="300" ind1=" " ind2=" "><subfield code="a">16 fol.</subfield></datafield><datafield tag="351" ind1=" " ind2=" "><subfield code="a">Unidad Documental compuesta</subfield><subfield code="c">Archivo de Murcia. Array</subfield><subfield code="a">Unidad Documental compuesta</subfield><subfield code="c">Archivo de Murcia. Array</subfield></datafield><datafield tag="351" ind1=" " ind2=" "><subfield code="b">Nº 1</subfield></datafield><datafield tag="506" ind1=" " ind2=" "><subfield code="a">Acceso restringido</subfield></datafield><datafield tag="510" ind1=" " ind2=" "><subfield code="a">Pub. (en parte) MOLINA GRANDE, MARÍA. Documentos de Enrique IV. Murcia: Academia Alfonso X el Sabio, 1988, pp. 139-143</subfield></datafield><datafield tag="520" ind1=" " ind2=" "><subfield code="a">El documento contiene:

- Testimonio de la presentación ante el concejo de Murcia, por parte de Alfonso Sánchez de Alcaraz, de una carta de Enrique IV sobre el pago del pedido y moneda y de moneda forera. (1457-08-20. Murcia). Fol. 1r-v

- Provisión de Enrique IV a las poblaciones del O. de Cartagena y R. de Murcia, ordenando empadronar a los vecinos y pagar a Alfonso Sánchez de las Doncellas el dinero del pedido y moneda y moneda forera de los años 1446-1452. (1457-03-10. Burgos). Fol. 2r-3r

- Presentada la carta, Alfonso Sánchez requiere su cumplimiento. (1457-08-20. Murcia). Fol. 3v-4v

- El concejo responde que posee franqueza de pedido y moneda por Juan II y los reyes anteriores. (1457-10-05. Murcia). Fol. 4v-5v
- Testimonio de presentación ante el concejo de Murcia por parte de Pedro González de Setién, escribano, de un escrito de los arrendadores de deudas, alcandes y albaquías por el poder que les ha dado Alfonso Sánchez. (1457-10-15. Murcia). Fol. 5v-6v

- Pedro González de Setién, en nombre del rey ordena pagar a éstos los impuestos correspondientes. Fol. 7r-v

- El concejo responde que no pagarán pedido y moneda por cuanto poseen franqueza de Juan II, así como por el mal estado de la ciudad a causa de la guerra contra Alfonso Fajardo. (1457-11-26. Murcia). Fol. 7v-12r

- Los folios 13r-16r son duplicados de los anteriores.

- El concejo acuerda pagar la mitad de las deudas, alcances y albaquías de los años 1448 y 1449 que el rey ha requerido a través de Alfonso Sánchez. (1457-10-25. Murcia). Fol. 16r-v

- El concejo ordena a Juan de Cieza que pregone lo acordado. (1457-10-26. Murcia). Fol. 16v</subfield></datafield><datafield tag="583" ind1=" " ind2=" "><subfield code="u">http://www.regmurcia.com/servlet/s.Sl?METHOD=VERDOCUMENTO&amp;sit=serv,Carmesi&amp;n=/01/1261/indice.djvu</subfield></datafield><datafield tag="592" ind1=" " ind2=" "><subfield code="a">1457-08-20/1457-10-26</subfield></datafield><datafield tag="592" ind1=" " ind2=" "><subfield code="d">1457-10-26 00:00:00</subfield></datafield><datafield tag="651" ind1=" " ind2=" "><subfield code="a">Murcia</subfield></datafield><datafield tag="786" ind1=" " ind2=" "><subfield code="o">http://www.regmurcia.com/servlet/s.Sl?METHOD=VERDOCUMENTO&amp;sit=serv,Carmesi&amp;n=/01/1261/indice.djvu</subfield></datafield><datafield tag="856" ind1=" " ind2=" "><subfield code="u">http://www.regmurcia.com/servlet/s.Sl?METHOD=DETALLE&amp;sit=c,373,m,139,serv,Carmesi&amp;id=648</subfield></datafield></record></metadata></record></GetRecord></OAI-PMH>
